[Event "Valby K41 Spring-A"]
[Site "Valby"]
[Date "2008.04.22"]
[Round "4"]
[White "Jorgensen, Kasper Moller"]
[Black "Walli, Aqil Raad"]
[Result "1-0"]
[WhiteElo "1967"]
[BlackElo "1749"]
[PlyCount "77"]
[EventDate "2008.03.25"]
[EventType "tourn"]
[EventRounds "7"]
[EventCountry "DEN"]
[SourceTitle "EXT 2023"]
[Source "ChessBase"]
[SourceDate "2022.10.05"]
[SourceVersion "1"]
[SourceVersionDate "2022.10.05"]
[SourceQuality "1"]

1. e4 c5 2. Nf3 d6 3. d4 cxd4 4. Nxd4 Nf6 5. Nc3 e6 6. g4 a6 7. g5 Nfd7 8. h4 Nc6 9. h5 Nde5 10. Rh3 d5 11. Be3 Bb4 12. f4 Nc4 13. Bxc4 dxc4 14. Nxc6 Bxc3+ 15. bxc3 Qxd1+ 16. Rxd1 bxc6 17. Rd6 e5 18. f5 0-0 19. Rxc6 g6 20. Rh2 gxf5 21. g6 f4 22. Bc5 Rd8 23. Bd6 Bb7 24. gxf7+ Kxf7 25. Rc7+ Ke6 26. Rxb7 Kxd6 27. Rxh7 Kc6 28. h6 Rd6 29. Ke2 Rad8 30. Kf3 Rd1 31. Rg7 Rf1+ 32. Kg4 Rf8 33. Kh5 Rd1 34. Rg5 Kd6 35. h7 Ke6 36. Rg8 Rdd8 37. Rxf8 Rxf8 38. Kg6 Rf6+ 39. Kg5 1-0

[Event "Valby K41 op 0607"]
[Site "Valby"]
[Date "2007.02.06"]
[Round "7"]
[White "Frederiksen, Alan"]
[Black "Walli, Aqil Raad"]
[Result "0-1"]
[WhiteElo "1638"]
[BlackElo "1631"]
[PlyCount "72"]
[EventDate "2006.11.14"]
[EventType "swiss"]
[EventRounds "9"]
[EventCountry "DEN"]
[SourceTitle "EXT 2018"]
[Source "ChessBase"]
[SourceDate "2017.10.13"]
[SourceVersion "1"]
[SourceVersionDate "2017.10.13"]
[SourceQuality "1"]

1. d4 Nf6 2. Bg5 e6 3. e4 Be7 4. Nc3 Nxe4 5. Bxe7 Nxc3 6. Bxd8 Nxd1 7. Bxc7 Nxb2 8. Bd6 Na4 9. Bb5 Nc3 10. Bd3 Nc6 11. Kd2 Nd5 12. Nf3 Nde7 13. Rhe1 f6 14. c4 Kf7 15. d5 Nd8 16. Nd4 a6 17. a4 b6 18. Rab1 b5 19. dxe6+ dxe6 20. cxb5 e5 21. Be4 Ra7 22. Bxe7 Rxe7 23. Nc6 Nxc6 24. Bxc6 Rd8+ 25. Ke3 Bf5 26. Rbc1 Rd3+ 27. Ke2 axb5 28. axb5 Rb3 29. Red1 Rb4 30. Rd2 Kg6 31. f3 Be6 32. Kf2 f5 33. Rd6 Rb2+ 34. Kg3 f4+ 35. Kh4 Rxg2 36. Be4+ Kf6 0-1

[Event "Taastrup Quick Weekend 4th B"]
[Site "Taastrup"]
[Date "2006.10.27"]
[Round "1"]
[White "Walli, Aqil Raad"]
[Black "Jensen, Leif Haugaard"]
[Result "1-0"]
[WhiteElo "1631"]
[BlackElo "1245"]
[PlyCount "51"]
[EventDate "2006.10.27"]
[EventType "tourn"]
[EventRounds "5"]
[EventCountry "DEN"]
[SourceTitle "EXT 2023"]
[Source "ChessBase"]
[SourceDate "2022.10.05"]
[SourceVersion "1"]
[SourceVersionDate "2022.10.05"]
[SourceQuality "1"]

1. d4 d5 2. c4 e6 3. Nc3 Nf6 4. Bg5 Nbd7 5. c5 Be7 6. Nf3 0-0 7. e3 c6 8. Bd3 h6 9. Bh4 Qc7 10. 0-0 e5 11. Bg3 Qa5 12. Nxe5 Nxe5 13. Bxe5 Ng4 14. Bg3 Bd8 15. a3 b5 16. cxb6 axb6 17. b4 Qa7 18. b5 cxb5 19. Bxb5 Nf6 20. Qb3 Qe7 21. Nxd5 Nxd5 22. Qxd5 Rxa3 23. Rxa3 Qxa3 24. Bd6 Bb7 25. Bxf8 Bxd5 26. Bxa3 1-0

[Event "Rodovre-ch C"]
[Site "Rodovre"]
[Date "2004.09.21"]
[Round "4"]
[White "Walli, Aqil Raad"]
[Black "Vestergaard, John"]
[Result "1-0"]
[WhiteElo "1493"]
[BlackElo "1430"]
[PlyCount "65"]
[EventDate "2004.08.31"]
[EventType "tourn"]
[EventRounds "7"]
[EventCountry "DEN"]
[SourceTitle "EXT 2023"]
[Source "ChessBase"]
[SourceDate "2022.10.05"]
[SourceVersion "1"]
[SourceVersionDate "2022.10.05"]
[SourceQuality "1"]

1. e4 g6 2. d4 c6 3. Nc3 d5 4. exd5 cxd5 5. Nf3 a6 6. g3 Bg4 7. Bg2 Nc6 8. 0-0 Bg7 9. Be3 e6 10. h3 Bxf3 11. Bxf3 Qb6 12. Na4 Qc7 13. c3 Nge7 14. Re1 Rd8 15. Bf4 e5 16. dxe5 Nxe5 17. Bxe5 Bxe5 18. Qe2 Bf6 19. Rad1 0-0 20. Qd3 b5 21. h4 bxa4 22. h5 Qc4 23. Qd2 Qxa2 24. Qf4 Nf5 25. g4 Nh4 26. Qxf6 Nxf3+ 27. Qxf3 Qxb2 28. Qf6 gxh5 29. gxh5 Qc2 30. Rd4 Rfe8 31. Rg4+ Qg6 32. Rxe8+ Rxe8 33. hxg6 1-0

[Event "Rodovre-ch C"]
[Site "Rodovre"]
[Date "2004.09.07"]
[Round "2"]
[White "Walli, Aqil Raad"]
[Black "Thrane, Jens S"]
[Result "0-1"]
[WhiteElo "1493"]
[BlackElo "1431"]
[PlyCount "70"]
[EventDate "2004.08.31"]
[EventType "tourn"]
[EventRounds "7"]
[EventCountry "DEN"]
[SourceTitle "EXT 2023"]
[Source "ChessBase"]
[SourceDate "2022.10.05"]
[SourceVersion "1"]
[SourceVersionDate "2022.10.05"]
[SourceQuality "1"]

1. e4 c5 2. Nf3 d6 3. d4 cxd4 4. Nxd4 Nc6 5. Bb5 Bd7 6. 0-0 a6 7. Be2 Nf6 8. Nc3 g6 9. a3 Bg7 10. Be3 0-0 11. Qd2 Ng4 12. Bxg4 Bxg4 13. f3 Bd7 14. Rab1 Ne5 15. b3 Rc8 16. h3 Re8 17. f4 Nc6 18. b4 b5 19. Nde2 Be6 20. Nd5 Nb8 21. Nb6 Rc6 22. f5 Bc4 23. Nxc4 Rxc4 24. fxg6 hxg6 25. Bh6 Bh8 26. Rxf7 Kxf7 27. Rf1+ Ke6 28. Nf4+ Kd7 29. Nxg6 Qb6+ 30. Be3 Bd4 31. Rf3 Nc6 32. Nf8+ Rxf8 33. Bxd4 Rxd4 34. Qh6 Rd1+ 35. Kh2 Rxf3 0-1

[Event "Rodovre-ch C"]
[Site "Rodovre"]
[Date "2004.08.31"]
[Round "1"]
[White "Walli, Aqil Raad"]
[Black "Helleshoj, Knud Erik"]
[Result "0-1"]
[WhiteElo "1493"]
[BlackElo "1490"]
[PlyCount "140"]
[EventDate "2004.08.31"]
[EventType "tourn"]
[EventRounds "7"]
[EventCountry "DEN"]
[SourceTitle "EXT 2023"]
[Source "ChessBase"]
[SourceDate "2022.10.05"]
[SourceVersion "1"]
[SourceVersionDate "2022.10.05"]
[SourceQuality "1"]

1. e4 c5 2. Nf3 Nf6 3. Nc3 d6 4. d4 cxd4 5. Nxd4 Nc6 6. Bb5 Bd7 7. 0-0 a6 8. Be2 e6 9. Be3 Be7 10. a4 0-0 11. f4 Rc8 12. Nb3 Na5 13. e5 Ne8 14. Bd3 Nc4 15. Qh5 g6 16. Qe2 Nxb2 17. Bc1 Nxd3 18. Qxd3 dxe5 19. fxe5 Qc7 20. Bh6 Qxc3 21. Qxd7 Bc5+ 22. Nxc5 Qxc5+ 23. Kh1 Ng7 24. Bxg7 Kxg7 25. Qxb7 Qxe5 26. Qxa6 Rxc2 27. Qd3 Rfc8 28. Qd7 Rf8 29. a5 Qe4 30. Rg1 Qd5 31. Qa4 Rfc8 32. a6 R8c4 33. Qb3 Qa8 34. a7 Rc8 35. Ra3 R2c7 36. Qe3 Kg8 37. h3 e5 38. Rga1 Rc2 39. Rg1 Qc6 40. Qxe5 Rc1 41. a8Q Rxg1+ 42. Kxg1 Rxa8 43. Rxa8+ Qxa8 44. Qf6 Qa7+ 45. Kh1 Qd7 46. Kh2 Qe6 47. Qd8+ Kg7 48. Qd4+ Qf6 49. Qxf6+ Kxf6 50. g4 Ke5 51. Kg3 g5 52. Kf3 h6 53. Ke3 f6 54. Kf3 Kd4 55. h4 Kd3 56. hxg5 hxg5 57. Kf2 Ke4 58. Kg3 Ke3 59. Kg2 Kf4 60. Kh3 Kf3 61. Kh2 Kxg4 62. Kg2 f5 63. Kf2 f4 64. Kg2 Kh4 65. Kf3 Kh5 66. Kg2 g4 67. Kh2 g3+ 68. Kh3 Kg5 69. Kg2 Kg4 70. Kf1 f3 0-1